The Influence of leader and member behavior on the adjustment and task effectiveness of negotitaion groups (Record no. 479785)

000 -LEADER
fixed length control field 00438cam a22001337a 4500
008 - FIXED-LENGTH DATA ELEMENTS--GENERAL INFORMATION
fixed length control field 180718b1963 xxu||||| |||| 00| 0 eng d
082 ## - DEWEY DECIMAL CLASSIFICATION NUMBER
Classification number F1 I16
245 ## - TITLE STATEMENT
Title The Influence of leader and member behavior on the adjustment and task effectiveness of negotitaion groups
260 ## - PUBLICATION, DISTRIBUTION, ETC.
Place of publication, distribution, etc. Urbana
Name of publisher, distributor, etc. The Dept.
Date of publication, distribution, etc. 1963
300 ## - PHYSICAL DESCRIPTION
Extent 42p.
650 ## - SUBJECT ADDED ENTRY--TOPICAL TERM
Topical term or geographic name entry element Small groups
650 ## - SUBJECT ADDED ENTRY--TOPICAL TERM
Topical term or geographic name entry element Social psychology
700 ## - ADDED ENTRY--PERSONAL NAME
Personal name University of Illinois Dept. of Psychology
Holdings
Withdrawn status Lost status Damaged status Not for loan Permanent Location Current Location Date acquired Full call number Barcode Date last seen Price effective from Koha item type
        Indian Institute of Public Administration Indian Institute of Public Administration 2018-08-04 F1 I16 GR6867 2018-08-04 2018-08-04 GR

Powered by Koha